The scarlet letter and other writings / (Record no. 103908)

MARC details
000 -LEADER
fixed length control field 00680nam a22002177a 4500
005 - DATE AND TIME OF LATEST TRANSACTION
control field 20161006161142.0
010 ## - LCCN (DPL NO)
LC control number ENG-116182
020 ## - INTERNATIONAL STANDARD BOOK NUMBER
International Standard Book Number 9788125062875
Terms of availability 850.00
035 ## - SYSTEM CONTROL NUMBER
System control number EN-99714
037 ## - SOURCE OF ACQUISITION
Source of stock number/acquisition DBAD/PUB
082 ## - DEWEY DECIMAL CLASSIFICATION NUMBER
Classification number S
100 ## - MAIN ENTRY--PERSONAL NAME
Personal name Hawthorne, Nathaniel
245 ## - TITLE STATEMENT
Title The scarlet letter and other writings /
Statement of responsibility, etc by Nathaniel Hawthorne edited by Srirupa Chatterjee
260 ## - PUBLICATION, DISTRIBUTION, ETC. (IMPRINT)
Date of publication, distribution, etc 2016
Place of publication, distribution, etc New Delhi
Name of publisher, distributor, etc Orient Blackswan
270 ## - ADDRESS
Address 1/24, Asaf Ali Road
City New Delhi
Postal code 110002
300 ## - PHYSICAL DESCRIPTION
Dimensions 22cm(pbk)
Extent x,362p.
490 ## - SERIES STATEMENT
Series statement Orient Blackswan CRITICAL TEXT
500 ## - GENERAL NOTE
General note Includes bibliographical references
700 ## - ADDED ENTRY--PERSONAL NAME
Personal name Chatterjee,Srirupa
942 ## - ADDED ENTRY ELEMENTS (KOHA)
Item type English Books
Source of classification or shelving scheme Dewey Decimal Classification
Classification part S
Call number suffix HAW
Holdings
Withdrawn status Lost status Not for loan Collection code Home library Current library Date acquired Source of acquisition Cost, normal purchase price Full call number Barcode Copy number Cost, replacement price Koha item type
      Fiction Ashok Vihar Ashok Vihar 06/10/2016 DBAD/PUB 285.00 S HAW EN-99714 1 285.00 English Books

© Delhi Public Library
Hit Counter
free hit counter